000 00516nam a2200193Ia 4500
005 20250923144851.0
008 008 250917s9999 xx 000 0 eng d
037 _aTextual
040 _aDSWL
_beng
_cDSWL
041 _aeng
_2eng
084 _aY72.261, N31
_qDSWL
100 _aNath, R.M.
_9829223
245 4 _aThe background of Assamese culture
_cby R.M. Nath
260 _b.
365 _aINR
_b15
925 _g15
942 _cTEXL
_hY72.261, N31
999 _c1444347
_d1444347